000 00890nam a22002177a 4500
001 113818
003 DR-UNIBE
005 20250702125119.0
008 250702b2015 dr ||||| |||| 00| 0 spa d
040 _aBIBLIOTECA UNIBE
_bspa
_cBIBLIOTECA UNIBE
_erda
041 _aspa
082 _aF-RD 5985
100 1 _aCamargo, Carolina
_eautor
_9196551
245 1 0 _aGuía :
_bapoyando el aprendizaje de niñas, niños y adolescentes : proyecto creciendo en bienestar escuela de familia /
_cCarolina Camargo
260 _aSanto Domingo :
_bInstituto Tecnológico de Santo Domingo (INTEC),
_bComedores Económicos del Estado Dominicano (CEED) :
_bCentro de Reproducción y Educación Médica (CREM),
_c2015
300 _a36 páginas
650 7 _2lemb
_aAprendizaje cooperativo
_9196897
650 7 _2lemb
_aRelaciones familiares
650 7 _2lemb
_aPsicología del aprendizaje
942 _2ddc
_cMX
999 _c113818
_d113818